| 000 | 00867nam a22002897a 4500 | ||
|---|---|---|---|
| 001 | 00578 | ||
| 003 | DO-SdBNP | ||
| 005 | 20240725093638.0 | ||
| 007 | 00578 | ||
| 008 | 160623b2011 mx | 00| 0 spa d | ||
| 020 | _a9789705803079 | ||
| 040 |
_aBPMSU _bspa _cBPMSU |
||
| 082 | 4 |
_a833.91 _bH332a 2011 _222 |
|
| 092 |
_a _b |
||
| 100 | 1 |
_aHärtling, Peter _d1933- |
|
| 245 | 1 | 0 |
_aAlgo pasa en la librería / _cPeter Härtling ; traducción Rosa Pilar Blanco |
| 260 |
_aMéxico : _bEdiciones Alfuaguara, _c2011 _g |
||
| 300 |
_a140 p. ; _c21 cm. |
||
| 490 | 0 | _aAlfaguara juvenil | |
| 500 | _aIncluye datos biográficos del autor | ||
| 590 | _aInventariado, 2024/VM | ||
| 650 | 4 | _aNovela juvenil alemana | |
| 650 | 4 | _aLiteratura juvenil alemana | |
| 700 | 1 |
_aBlanco, Rosa Pilar, _etraductora |
|
| 910 | _aVMateo V. Control de calidad. BPMSU | ||
| 942 |
_2ddc _cBK |
||
| 999 |
_c10532 _d10532 |
||